<?xml version="1.0" encoding="UTF-8"?><?xml-stylesheet type="text/xsl" href="static/style.xsl"?><OAI-PMH xmlns="http://www.openarchives.org/OAI/2.0/" xmlns:xsi="http://www.w3.org/2001/XMLSchema-instance" xsi:schemaLocation="http://www.openarchives.org/OAI/2.0/ http://www.openarchives.org/OAI/2.0/OAI-PMH.xsd"><responseDate>2026-04-13T02:35:28Z</responseDate><request verb="GetRecord" identifier="oai:www.recercat.cat:10256/23524" metadataPrefix="marc">https://recercat.cat/oai/request</request><GetRecord><record><header><identifier>oai:recercat.cat:10256/23524</identifier><datestamp>2026-01-28T01:39:35Z</datestamp><setSpec>com_2072_452955</setSpec><setSpec>com_2072_2054</setSpec><setSpec>col_2072_453077</setSpec></header><metadata><record xmlns="http://www.loc.gov/MARC21/slim" xmlns:dcterms="http://purl.org/dc/terms/" xmlns:xsi="http://www.w3.org/2001/XMLSchema-instance" xmlns:doc="http://www.lyncode.com/xoai" xsi:schemaLocation="http://www.loc.gov/MARC21/slim http://www.loc.gov/standards/marcxml/schema/MARC21slim.xsd">
   <leader>00925njm 22002777a 4500</leader>
   <datafield ind2=" " ind1=" " tag="042">
      <subfield code="a">dc</subfield>
   </datafield>
   <datafield ind2=" " ind1=" " tag="720">
      <subfield code="a">Pueyo-Ros, Josep</subfield>
      <subfield code="e">author</subfield>
   </datafield>
   <datafield ind2=" " ind1=" " tag="720">
      <subfield code="a">Škerjanec, Mateja</subfield>
      <subfield code="e">author</subfield>
   </datafield>
   <datafield ind2=" " ind1=" " tag="720">
      <subfield code="a">Castellar da Cunha, Joana Amèrica</subfield>
      <subfield code="e">author</subfield>
   </datafield>
   <datafield ind2=" " ind1=" " tag="720">
      <subfield code="a">Atanasova, Nataša</subfield>
      <subfield code="e">author</subfield>
   </datafield>
   <datafield ind2=" " ind1=" " tag="720">
      <subfield code="a">Comas Matas, Joaquim</subfield>
      <subfield code="e">author</subfield>
   </datafield>
   <datafield ind2=" " ind1=" " tag="720">
      <subfield code="a">Corominas Tabares, Lluís</subfield>
      <subfield code="e">author</subfield>
   </datafield>
   <datafield ind2=" " ind1=" " tag="260">
      <subfield code="c">2024-01</subfield>
   </datafield>
   <datafield ind2=" " ind1=" " tag="520">
      <subfield code="a">In the first decades of the 21st century, urban agriculture has gained attention for its role in enhancing food security, particularly in developing nations. Additionally, it is commonly assumed that urban agriculture also has positive implications for other aspects of urban sustainability, such as mitigating runoff and creating job opportunities. However, the extent of these contributions has not been extensively quantified. This study aims to address this gap by presenting a stochastic model that quantifies the contributions of urban agriculture to urban sustainability, using Sant Feliu de Llobregat, a Mediterranean city, as a case study. We assessed eight indicators, including accessibility to green areas, food self-reliance, green surface area per capita, job creation, NO2 sequestration, runoff mitigation, urban heat island effect, and volunteer participation. These indicators were estimated across twelve different simulated scenarios using 1000 Monte Carlo simulations for each scenario, to account for uncertainties. The findings revealed that the contributions of urban agriculture are not straightforward, as they are influenced by factors such as garden typology and location. Although urban agriculture typically originates as a grassroots movement, it often receives administrative support. Therefore, strategic planning can be employed to maximize the contributions of urban agriculture to urban sustainability and minimize trade-offs between social and environmental benefits</subfield>
   </datafield>
   <datafield ind2=" " ind1=" " tag="520">
      <subfield code="a">Authors acknowledge the support from the European Union Horizon 2020 innovation &amp; action project EdiCitNet (GA776665), the Economy and Knowledge Department of the Catalan Government through Consolidated Research Groups ICRA tech (2021-SGR-01283) and LEQUIA (2021-SGR-01352), the Slovenian Research Agency (research core funding No. P2-0180), and the CERCA program</subfield>
   </datafield>
   <datafield ind2=" " ind1=" " tag="520">
      <subfield code="a">Open Access funding provided thanks to the CRUE-CSIC agreement with Elsevier</subfield>
   </datafield>
   <datafield ind2=" " ind1=" " tag="520">
      <subfield code="a">11</subfield>
   </datafield>
   <datafield tag="653" ind2=" " ind1=" ">
      <subfield code="a">Agricultura urbana</subfield>
   </datafield>
   <datafield tag="653" ind2=" " ind1=" ">
      <subfield code="a">Urban agriculture</subfield>
   </datafield>
   <datafield tag="653" ind2=" " ind1=" ">
      <subfield code="a">Desenvolupament urbà sostenible</subfield>
   </datafield>
   <datafield tag="653" ind2=" " ind1=" ">
      <subfield code="a">Sustainable urban development</subfield>
   </datafield>
   <datafield ind2="0" ind1="0" tag="245">
      <subfield code="a">Beyond food: A stochastic model to estimate the contributions of urban agriculture to sustainability</subfield>
   </datafield>
</record></metadata></record></GetRecord></OAI-PMH>